[Event "Moscow op-A"]
[Site "Moscow"]
[Date "2016.02.04"]
[Round "6"]
[White "Mustaps, Matiss"]
[Black "Loginov, Anton"]
[Result "1/2-1/2"]
[WhiteElo "2308"]
[BlackElo "2149"]
[PlyCount "96"]
[EventDate "2016.01.30"]
[EventType "swiss"]
[EventRounds "9"]
[EventCountry "RUS"]
[SourceTitle "CBM 170 Extra"]
[Source "ChessBase"]
[SourceDate "2016.02.25"]
[SourceVersion "1"]
[SourceVersionDate "2016.02.25"]
[SourceQuality "1"]

1. e4 c5 2. Nf3 d6 3. d4 cxd4 4. Nxd4 Nf6 5. Nc3 Nc6 6. Bc4 e5 7. Nf5 Be6 8. Bb3 Nxe4 9. Nxg7+ Bxg7 10. Nxe4 d5 11. Ng5 0-0 12. c3 h6 13. Nxe6 fxe6 14. Qg4 Qf6 15. Be3 Rae8 16. f3 e4 17. 0-0 Ne5 18. Qg3 exf3 19. gxf3 Nc6 20. Kh1 Kh8 21. Rae1 d4 22. Bd2 e5 23. Bc2 dxc3 24. Bxc3 Nd4 25. Be4 Rb8 26. Rg1 Ne6 27. Bd5 Nf4 28. Qxg7+ Qxg7 29. Rxg7 Kxg7 30. Bxe5+ Kg6 31. Be4+ Kh5 32. Bxb8 Rxb8 33. Rg1 Rd8 34. h4 Rd4 35. Rg7 a5 36. Kh2 Rd2+ 37. Kg1 Ne2+ 38. Kf1 Kxh4 39. Ke1 Rxb2 40. Rg2 Rxa2 41. Rxe2 Rxe2+ 42. Kxe2 b5 43. f4 Kg4 44. Ke3 a4 45. Bc2 a3 46. Bd1+ Kf5 47. Bc2+ Kf6 48. Bb3 Kf5 1/2-1/2

[Event "Tula Region-ch"]
[Site "Tula"]
[Date "2014.03.17"]
[Round "7"]
[White "Klyuev, Alexander S"]
[Black "Loginov, Anton"]
[Result "1/2-1/2"]
[WhiteElo "2281"]
[BlackElo "2138"]
[PlyCount "105"]
[EventDate "2014.03.11"]
[EventType "swiss"]
[EventRounds "9"]
[EventCountry "RUS"]
[SourceTitle "CBM 159 Extra"]
[Source "ChessBase"]
[SourceDate "2014.04.24"]
[SourceVersion "1"]
[SourceVersionDate "2014.04.24"]
[SourceQuality "1"]

1. e4 e5 2. Nf3 Nc6 3. Nc3 g6 4. Bc4 Bg7 5. d3 Na5 6. Bg5 f6 7. Be3 Ne7 8. Qd2 d6 9. Bb3 Nxb3 10. axb3 f5 11. Bg5 h6 12. Bxe7 Qxe7 13. Nd5 Qd8 14. Qa5 b6 15. Qc3 c5 16. Qc4 Rf8 17. b4 Rf7 18. bxc5 dxc5 19. 0-0 Qd6 20. Rfe1 Be6 21. Qb5+ Rd7 22. Ne3 f4 23. Nc4 Qc7 24. Ra6 Kf7 25. Rea1 Kg8 26. Rxb6 axb6 27. Rxa8+ Kh7 28. Nxb6 Qb7 29. Qa5 Rd6 30. Na4 c4 31. h3 cxd3 32. cxd3 Rxd3 33. Nc5 Rd1+ 34. Kh2 Qxb2 35. Qa4 Qc1 36. Qxd1 Qxd1 37. Nxe6 Bf6 38. Ra7+ Kg8 39. Nc7 Qd6 40. Ne8 Qb6 41. Nxf6+ Qxf6 42. Ra5 Qb6 43. Ra8+ Kg7 44. Ra2 Kf6 45. Rd2 Qc5 46. Kg1 Qb4 47. Rd5 Qb1+ 48. Kh2 Qxe4 49. Rxe5 Qxf3 50. gxf3 Kxe5 51. Kg2 Kd4 52. Kf1 Kd3 53. Ke1 1/2-1/2

[Event "Tula Region-ch"]
[Site "Tula"]
[Date "2014.03.14"]
[Round "4"]
[White "Loginov, Anton"]
[Black "Sadovsky, Artem"]
[Result "1/2-1/2"]
[WhiteElo "2138"]
[BlackElo "2268"]
[PlyCount "75"]
[EventDate "2014.03.11"]
[EventType "swiss"]
[EventRounds "9"]
[EventCountry "RUS"]
[SourceTitle "CBM 159 Extra"]
[Source "ChessBase"]
[SourceDate "2014.04.24"]
[SourceVersion "1"]
[SourceVersionDate "2014.04.24"]
[SourceQuality "1"]

1. c4 g6 2. Nc3 Bg7 3. g3 e5 4. Bg2 f5 5. d3 Ne7 6. b4 0-0 7. Qb3 Nbc6 8. e3 a5 9. bxa5 Nxa5 10. Qc2 d6 11. Nge2 g5 12. f4 gxf4 13. exf4 Be6 14. 0-0 e4 15. dxe4 Nxc4 16. g4 fxg4 17. f5 Bd7 18. Bg5 c6 19. f6 Qa5 20. Nd5 cxd5 21. exd5 Qc5+ 22. Kh1 h6 23. f7+ Rxf7 24. Rxf7 Kxf7 25. Rf1+ Kg8 26. Bxe7 Ne3 27. Qg6 Qc2 28. Be4 Bf5 29. Bxf5 Nxf5 30. Qe6+ Kh7 31. Rxf5 Rxa2 32. Rf2 Qd1+ 33. Kg2 Qd3 34. Qxg4 Qxd5+ 35. Qf3 Qe6 36. Bh4 b5 37. Nf4 Rxf2+ 38. Bxf2 1/2-1/2

[Event "Tula Region-ch"]
[Site "Tula"]
[Date "2014.03.13"]
[Round "3"]
[White "Shkurkin, Andrey"]
[Black "Loginov, Anton"]
[Result "0-1"]
[WhiteElo "1653"]
[BlackElo "2138"]
[PlyCount "94"]
[EventDate "2014.03.11"]
[EventType "swiss"]
[EventRounds "9"]
[EventCountry "RUS"]
[SourceTitle "CBM 159 Extra"]
[Source "ChessBase"]
[SourceDate "2014.04.24"]
[SourceVersion "1"]
[SourceVersionDate "2014.04.24"]
[SourceQuality "1"]

1. d4 d5 2. c4 e6 3. Nf3 Nf6 4. g3 c5 5. Bg2 Nc6 6. 0-0 dxc4 7. dxc5 Bxc5 8. Qc2 0-0 9. Qxc4 Qd5 10. Qa4 b5 11. Qh4 Qf5 12. Nbd2 Bb7 13. Nb3 Bb6 14. Nfd4 Nxd4 15. Nxd4 Bxd4 16. Bxb7 Rad8 17. Qg5 Qxg5 18. Bxg5 h6 19. Bxf6 Bxf6 20. Rfd1 b4 21. Rxd8 Rxd8 22. Rc1 Bxb2 23. Rc8 Rxc8 24. Bxc8 Kf8 25. e4 Ke7 26. Kf1 a5 27. Ba6 Kd6 28. Bb5 Ke5 29. Ba4 Kd4 30. f3 Ke3 31. Kg2 e5 32. g4 g5 33. Be8 f6 34. h3 Bd4 35. Ba4 Kd2 36. Kf1 Kc3 37. Ke2 Bb6 38. Bb3 Bg1 39. Ba4 Bh2 40. Be8 Kb2 41. Bf7 a4 42. Kd3 Bg1 43. Kd2 Ba7 44. Be6 Bc5 45. Bf7 b3 46. axb3 Bb4+ 47. Kd1 a3 0-1

[Event "Chigorin Memorial 21st"]
[Site "St Petersburg"]
[Date "2013.10.06"]
[Round "2"]
[White "Mokshanov, Igor"]
[Black "Loginov, Anton"]
[Result "1/2-1/2"]
[WhiteElo "1888"]
[BlackElo "2156"]
[PlyCount "104"]
[EventDate "2013.10.05"]
[EventType "swiss"]
[EventRounds "9"]
[EventCountry "RUS"]
[SourceTitle "CBM 156 Extra"]
[Source "ChessBase"]
[SourceDate "2013.10.22"]
[SourceVersion "1"]
[SourceVersionDate "2013.10.22"]
[SourceQuality "1"]

1. e4 e5 2. Nf3 Nc6 3. Bb5 Nf6 4. d3 d6 5. 0-0 Be7 6. h3 0-0 7. c3 Bd7 8. Re1 Re8 9. Nbd2 Bf8 10. Nf1 h6 11. Ng3 g6 12. d4 Bg7 13. Ba4 Qe7 14. Bc2 Rad8 15. d5 Nb8 16. Be3 c5 17. c4 b6 18. a3 Rc8 19. Bd3 Na6 20. Qd2 Qf8 21. b4 Nxe4 22. Nxe4 f5 23. b5 Nb8 24. Qc2 fxe4 25. Bxe4 Bf5 26. Nh4 Bxe4 27. Qxe4 g5 28. Nf5 Nd7 29. Nxg7 Qxg7 30. a4 Nf6 31. Qf5 Rc7 32. Bd2 Rf7 33. Qd3 Nh5 34. a5 Nf4 35. Qe4 Ref8 36. axb6 axb6 37. Ra6 Rb8 38. f3 h5 39. Rea1 h4 40. Ra8 Rff8 41. Rxb8 Rxb8 42. Bxf4 exf4 43. Qe6+ Kh8 44. Ra6 Qe5 45. Qh6+ Kg8 46. Kh2 Qe7 47. Qg6+ Kf8 48. Qh6+ Kg8 49. Qh5 Kg7 50. Ra1 Rh8 51. Qg4 Kf6 52. Ra6 Rb8 1/2-1/2

[Event "Kaluga Tsiolkovsky Memorial op"]
[Site "Kaluga"]
[Date "2012.08.05"]
[Round "7"]
[White "Loginov, Anton"]
[Black "Sokolov, Eugeny"]
[Result "1/2-1/2"]
[WhiteElo "2176"]
[BlackElo "1883"]
[PlyCount "42"]
[EventDate "2012.07.30"]
[EventType "swiss"]
[EventRounds "9"]
[EventCountry "RUS"]
[SourceTitle "EXT 2014"]
[Source "ChessBase"]
[SourceDate "2013.11.20"]
[SourceVersion "1"]
[SourceVersionDate "2013.11.20"]
[SourceQuality "1"]

1. e4 c5 2. Nf3 d6 3. d4 cxd4 4. Nxd4 Nf6 5. Nc3 a6 6. Be3 e5 7. Nf3 Be7 8. Bc4 0-0 9. 0-0 Be6 10. Bb3 h6 11. Nd5 Nxd5 12. Bxd5 Nc6 13. c4 Qd7 14. Rc1 Rac8 15. Qb3 Bxd5 16. cxd5 Nb8 17. h3 Rxc1 18. Rxc1 Rc8 19. Rc3 Rxc3 20. Qxc3 Bd8 21. Ba7 Qc7 1/2-1/2

[Event "Obninsk"]
[Site "Obninsk"]
[Date "2012.??.??"]
[Round "3"]
[White "Smirnov, Egor"]
[Black "Loginov, Anton"]
[Result "0-1"]
[WhiteElo "1877"]
[BlackElo "2187"]
[PlyCount "84"]
[EventDate "2012.01.11"]
[EventType "tourn"]
[EventRounds "11"]
[EventCountry "RUS"]
[SourceTitle "EXT 2014"]
[Source "ChessBase"]
[SourceDate "2013.11.20"]
[SourceVersion "1"]
[SourceVersionDate "2013.11.20"]
[SourceQuality "1"]

1. d4 Nf6 2. Nf3 c5 3. d5 b5 4. e3 Bb7 5. c4 bxc4 6. Bxc4 d6 7. Nc3 g6 8. b3 Bg7 9. Bb2 0-0 10. 0-0 Nbd7 11. Re1 Nb6 12. e4 Nxc4 13. bxc4 Nd7 14. Rb1 Nb6 15. Qe2 Rb8 16. Nb5 f6 17. Ba1 a6 18. Nc3 Bc8 19. h3 Bd7 20. Rb3 Be8 21. Reb1 Nd7 22. Qb2 Bf7 23. Qa3 Rxb3 24. axb3 Qc8 25. b4 cxb4 26. Qxb4 Nc5 27. Nd2 f5 28. f3 Nd3 29. Qb7 Qc5+ 30. Kh1 Be5 31. Qb6 Nf2+ 32. Kg1 Qxb6 33. Rxb6 Bd4 34. Rxa6 Nxe4+ 35. Kf1 Nxd2+ 36. Ke2 Nb3 37. Bb2 Rb8 38. Rc6 Na5 39. Kd3 Bf6 40. Bc1 Nxc6 41. dxc6 Bxc3 42. Kxc3 Rc8 0-1

[Event "Moscow op-B"]
[Site "Moscow"]
[Date "2009.11.20"]
[Round "1"]
[White "Safoev, Zarif"]
[Black "Loginov, Anton"]
[Result "0-1"]
[WhiteElo "1959"]
[BlackElo "2232"]
[PlyCount "44"]
[EventDate "2009.01.31"]
[EventType "swiss"]
[EventRounds "9"]
[EventCountry "RUS"]
[SourceTitle "EXT 2012"]
[Source "ChessBase"]
[SourceDate "2011.11.24"]
[SourceVersion "1"]
[SourceVersionDate "2011.11.24"]
[SourceQuality "1"]

1. e4 e5 2. Nf3 Nc6 3. Bb5 Nf6 4. Nc3 Bc5 5. 0-0 d6 6. d4 exd4 7. Nxd4 Bd7 8. Nxc6 bxc6 9. Bc4 Ng4 10. Na4 Qh4 11. Bf4 Bxf2+ 12. Kh1 0-0 13. Qd2 g5 14. Be2 gxf4 15. Bxg4 Be3 16. Qe1 Qxe1 17. Raxe1 Bxg4 18. g3 Bd2 19. Rb1 Be2 20. Rf2 f3 21. Nc3 Bxc3 22. bxc3 Rab8 0-1

[Event "Obninsk op"]
[Site "Obninsk"]
[Date "2009.07.??"]
[Round "8"]
[White "Loginov, Anton"]
[Black "Popelyshev, Igor Viktorovich"]
[Result "1/2-1/2"]
[WhiteElo "2233"]
[BlackElo "2119"]
[PlyCount "115"]
[EventDate "2009.07.??"]
[EventType "swiss"]
[EventRounds "9"]
[EventCountry "RUS"]
[SourceTitle "CBM 131 Extra"]
[Source "ChessBase"]
[SourceDate "2009.09.03"]
[SourceVersion "2"]
[SourceVersionDate "2009.09.16"]
[SourceQuality "1"]

1. e4 c5 2. Nf3 Nc6 3. Bb5 d6 4. Bxc6+ bxc6 5. 0-0 e5 6. c3 Nf6 7. Re1 Be7 8. d4 cxd4 9. cxd4 Qc7 10. dxe5 dxe5 11. b3 Bb4 12. Bd2 Bxd2 13. Nbxd2 0-0 14. Rc1 Bb7 15. Nc4 Rad8 16. Qc2 Rfe8 17. Qc3 c5 18. Nfd2 Rd4 19. f3 Red8 20. Nf1 Ba6 21. Qa5 Qxa5 22. Nxa5 Bxf1 23. Kxf1 Rd2 24. Re2 Rd1+ 25. Rxd1 Rxd1+ 26. Kf2 Nd7 27. Ke3 Nf8 28. Rd2 Rh1 29. Nc6 f6 30. g3 Ne6 31. Nxa7 Nd4 32. Nc8 Kf7 33. f4 Ke6 34. f5+ Kd7 35. Nb6+ Kc6 36. Nd5 Rf1 37. Rf2 Rxf2 38. Kxf2 Nxf5 39. Nxf6 Nd6 40. Nxh7 Nxe4+ 41. Ke3 Kd5 42. g4 Nc3 43. a3 Nb5 44. a4 Nd4 45. a5 Nxb3 46. a6 Kc6 47. Ng5 Kb6 48. Ne6 c4 49. h4 Kxa6 50. h5 Kb5 51. g5 c3 52. Kd3 Kb4 53. h6 e4+ 54. Kc2 gxh6 55. gxh6 e3 56. h7 e2 57. h8Q e1N+ 58. Kd1 1/2-1/2

[Event "Central FO-ch"]
[Site "Gagarin"]
[Date "2009.05.04"]
[Round "5"]
[White "Demianjuk, Alexander"]
[Black "Loginov, Anton"]
[Result "1/2-1/2"]
[WhiteElo "2330"]
[BlackElo "2227"]
[PlyCount "76"]
[EventDate "2009.05.01"]
[EventType "swiss"]
[EventRounds "9"]
[EventCountry "RUS"]
[SourceTitle "CBM 130 Extra"]
[Source "ChessBase"]
[SourceDate "2009.07.02"]
[SourceVersion "2"]
[SourceVersionDate "2009.07.15"]
[SourceQuality "1"]

1. e4 e5 2. Nf3 Nc6 3. d4 exd4 4. Nxd4 Bc5 5. Nxc6 Qf6 6. Qf3 bxc6 7. Nd2 d6 8. Bd3 Qxf3 9. Nxf3 Ne7 10. 0-0 0-0 11. h3 Ng6 12. Bd2 f6 13. a4 a5 14. Kh2 f5 15. exf5 Bxf5 16. Bxf5 Rxf5 17. Rae1 Bb6 18. Be3 Bxe3 19. Rxe3 Rb8 20. b3 c5 21. Rfe1 h6 22. Re8+ Rf8 23. Rxb8 Rxb8 24. Nd2 Kf7 25. Nc4 Ra8 26. Re3 Ne7 27. Rf3+ Kg8 28. Na3 Rd8 29. Kg1 Nc6 30. Nb5 Nd4 31. Nxd4 cxd4 32. Kf1 Re8 33. Rd3 c5 34. Rd2 Kf7 35. Re2 Rb8 36. Rd2 Re8 37. Re2 Rb8 38. Rd2 Re8 1/2-1/2

[Event "Moscow op-B"]
[Site "Moscow"]
[Date "2009.02.03"]
[Round "4"]
[White "Polonskiy, Pavel"]
[Black "Loginov, Anton"]
[Result "1-0"]
[WhiteElo "2111"]
[BlackElo "2232"]
[PlyCount "79"]
[EventDate "2009.01.31"]
[EventType "swiss"]
[EventRounds "9"]
[EventCountry "RUS"]
[SourceTitle "EXT 2012"]
[Source "ChessBase"]
[SourceDate "2011.11.24"]
[SourceVersion "1"]
[SourceVersionDate "2011.11.24"]
[SourceQuality "1"]

1. d4 Nf6 2. Nf3 d5 3. c4 e6 4. Bg5 Bb4+ 5. Nbd2 h6 6. Bxf6 Qxf6 7. e3 0-0 8. a3 Bxd2+ 9. Qxd2 Rd8 10. Qc3 c5 11. cxd5 cxd4 12. Qxd4 Qxd4 13. Nxd4 Rxd5 14. Rc1 Nd7 15. Be2 Nb6 16. 0-0 e5 17. Nb3 Na4 18. Rc7 Nxb2 19. Nc5 Rd2 20. Bf3 Bf5 21. g4 Bg6 22. Bxb7 Rad8 23. Be4 Bxe4 24. Nxe4 R2d7 25. Rfc1 Na4 26. Kg2 Nb6 27. Rxd7 Rxd7 28. Rc5 Rd5 29. Kf3 Kf8 30. Rc7 Rd7 31. Rc6 Rd3 32. Nc3 Ke8 33. Nb5 Rb3 34. Rc5 Nd7 35. Nd6+ Ke7 36. Nf5+ Kd8 37. Ra5 g6 38. Nxh6 f6 39. Rxa7 Ke7 40. h4 1-0

[Event "Moscow op-A 04th"]
[Site "Moscow"]
[Date "2008.02.04"]
[Round "3"]
[White "Loginov, Anton"]
[Black "Kostin, Alexey"]
[Result "1/2-1/2"]
[WhiteElo "2231"]
[BlackElo "2389"]
[PlyCount "82"]
[EventDate "2008.02.02"]
[EventType "swiss"]
[EventRounds "9"]
[EventCountry "RUS"]
[SourceTitle "CBM 122 Extra"]
[Source "ChessBase"]
[SourceDate "2008.03.04"]
[SourceVersion "1"]
[SourceVersionDate "2008.03.04"]
[SourceQuality "1"]

1. d4 Nf6 2. c4 e6 3. Nc3 Bb4 4. e3 c5 5. Nge2 cxd4 6. exd4 d5 7. a3 Be7 8. c5 b6 9. b4 a5 10. Bf4 0-0 11. g3 axb4 12. axb4 Rxa1 13. Qxa1 Bd7 14. Bg2 Nc6 15. Qb1 bxc5 16. bxc5 Qa5 17. Bd2 Rb8 18. Qd1 Qa6 19. 0-0 h6 20. h3 Qc4 21. Be3 Rb2 22. Re1 Bd8 23. Qa1 Rc2 24. Rc1 Rxc1+ 25. Qxc1 Ba5 26. Bf1 Bc8 27. Qa1 Ba6 28. g4 Kf8 29. Qa4 Qxa4 30. Nxa4 Ne4 31. Nc1 Bxf1 32. Kxf1 Ke8 33. Ke2 Kd7 34. f3 Nc3+ 35. Nxc3 Bxc3 36. Kd3 Bb2 37. Ne2 Nb4+ 38. Kd2 Kc6 39. h4 Kb5 40. h5 e5 41. dxe5 Bxe5 1/2-1/2

[Event "Voronezh op-A 11th"]
[Site "Voronezh"]
[Date "2007.06.18"]
[Round "6"]
[White "Loginov, Anton"]
[Black "Khashimov, Vasily"]
[Result "1/2-1/2"]
[WhiteElo "2238"]
[BlackElo "2182"]
[PlyCount "54"]
[EventDate "2007.06.12"]
[EventType "swiss"]
[EventRounds "9"]
[EventCountry "RUS"]
[SourceTitle "CBM 118 Extra"]
[Source "ChessBase"]
[SourceDate "2007.07.04"]
[SourceVersion "1"]
[SourceVersionDate "2007.07.04"]
[SourceQuality "1"]

1. d4 Nf6 2. c4 c5 3. Nf3 cxd4 4. Nxd4 g6 5. Nc3 Bg7 6. e4 d6 7. Be2 0-0 8. 0-0 Nc6 9. Be3 Bd7 10. Qd2 Nxd4 11. Bxd4 Bc6 12. f3 Nd7 13. Rfd1 Bxd4+ 14. Qxd4 Qb6 15. Qxb6 Nxb6 16. Nd5 Bxd5 17. exd5 Rac8 18. Kf2 a5 19. a4 Nd7 20. Bd3 Nc5 21. Bc2 Ra8 22. h4 h6 23. f4 Kg7 24. h5 gxh5 25. Rh1 Nd7 26. Rae1 Nf6 27. Bd1 Kg6 1/2-1/2

[Event "RUS Central Region-ch"]
[Site "Tula "]
[Date "2007.03.25"]
[Round "9"]
[White "Kobzev, Dmitri"]
[Black "Loginov, Anton"]
[Result "1/2-1/2"]
[WhiteElo "2113"]
[BlackElo "2243"]
[PlyCount "26"]
[EventDate "2007.03.17"]
[EventType "swiss"]
[EventRounds "9"]
[EventCountry "RUS"]
[SourceTitle "EXT 2008"]
[Source "ChessBase"]
[SourceDate "2007.11.25"]
[SourceVersion "1"]
[SourceVersionDate "2007.11.25"]
[SourceQuality "1"]

1. e4 e5 2. Nf3 Nc6 3. Bc4 Bc5 4. d3 Nf6 5. c3 d6 6. 0-0 a6 7. Bb3 Ba7 8. Nbd2 0-0 9. Re1 Be6 10. Bc2 Ne7 11. Nf1 h6 12. Ng3 c5 13. Be3 Ng6 1/2-1/2

[Event "RUS Central Region-ch"]
[Site "Tula "]
[Date "2007.03.23"]
[Round "7"]
[White "Sjugirov, Sanan"]
[Black "Loginov, Anton"]
[Result "1-0"]
[WhiteElo "2396"]
[BlackElo "2243"]
[PlyCount "77"]
[EventDate "2007.03.17"]
[EventType "swiss"]
[EventRounds "9"]
[EventCountry "RUS"]
[SourceTitle "EXT 2008"]
[Source "ChessBase"]
[SourceDate "2007.11.25"]
[SourceVersion "1"]
[SourceVersionDate "2007.11.25"]
[SourceQuality "1"]

1. e4 e5 2. Nf3 Nc6 3. Bb5 Nf6 4. 0-0 Nxe4 5. d4 Nd6 6. dxe5 Nxb5 7. a4 Nbd4 8. Nxd4 Nxd4 9. Qxd4 d5 10. Nc3 c6 11. Ne2 Be7 12. c4 dxc4 13. Qxc4 Be6 14. Qc3 0-0 15. Be3 f6 16. Nf4 Qc8 17. Rfe1 Re8 18. Nh5 Bf7 19. exf6 Bxh5 20. fxe7 Rxe7 21. Bd4 Qd7 22. Rxe7 Qxe7 23. Re1 Qd7 24. h3 b6 25. Re3 c5 26. Be5 Rf8 27. Rg3 Bg6 28. f4 Rf7 29. a5 Bf5 30. Kh2 h6 31. axb6 axb6 32. Qb3 Qe6 33. Qa4 Qd7 34. Qa8+ Kh7 35. Qb8 Qc6 36. Qd8 b5 37. Qf8 Qd7 38. Qxc5 Qb7 39. Bxg7 1-0

[Event "Moscow op 03rd"]
[Site "Moscow"]
[Date "2007.02.04"]
[Round "9"]
[White "Loginov, Anton"]
[Black "Khropova, Larisa"]
[Result "1-0"]
[WhiteElo "2243"]
[BlackElo "2163"]
[PlyCount "93"]
[EventDate "2007.01.27"]
[EventType "swiss"]
[EventRounds "9"]
[EventCountry "RUS"]
[SourceTitle "CBM 116 Extra"]
[Source "ChessBase"]
[SourceDate "2007.03.07"]
[SourceVersion "1"]
[SourceVersionDate "2007.03.07"]
[SourceQuality "1"]

1. d4 d5 2. c4 c6 3. cxd5 cxd5 4. Bf4 Nc6 5. e3 Bf5 6. Nc3 e6 7. Qb3 Qd7 8. Nf3 f6 9. Be2 Be7 10. 0-0 g5 11. Bg3 Nh6 12. h4 Nf7 13. Rac1 0-0 14. Na4 Rac8 15. Nc5 Bxc5 16. Rxc5 b6 17. Rcc1 Na5 18. Qb5 Qe7 19. hxg5 fxg5 20. Ne5 Nxe5 21. Bxe5 Nc4 22. Qa6 Qd7 23. Bh2 Be4 24. b3 Nd2 25. Rfd1 Rxc1 26. Rxc1 Qf7 27. Bg3 e5 28. Rc8 exd4 29. exd4 h5 30. Rxf8+ Kxf8 31. Qc8+ Kg7 32. Qc1 Nb1 33. Qxg5+ Qg6 34. Qe7+ Kg8 35. Qd8+ Kh7 36. Qc7+ Kg8 37. Qb8+ Kh7 38. Qxa7+ Kg8 39. Qb8+ Kh7 40. Qc7+ Kg8 41. Qd8+ Kh7 42. Qh4 Qg7 43. Qxh5+ Kg8 44. Qg4 Nd2 45. Qxg7+ Kxg7 46. f3 Bb1 47. Be1 1-0

[Event "Moscow op 03rd"]
[Site "Moscow"]
[Date "2007.02.03"]
[Round "8"]
[White "Isaev, Yuri"]
[Black "Loginov, Anton"]
[Result "1-0"]
[WhiteElo "2343"]
[BlackElo "2243"]
[PlyCount "41"]
[EventDate "2007.01.27"]
[EventType "swiss"]
[EventRounds "9"]
[EventCountry "RUS"]
[SourceTitle "CBM 116 Extra"]
[Source "ChessBase"]
[SourceDate "2007.03.07"]
[SourceVersion "1"]
[SourceVersionDate "2007.03.07"]
[SourceQuality "1"]

1. Nf3 d5 2. b3 c5 3. e3 Nc6 4. Bb5 Qc7 5. Bb2 f6 6. d4 Qa5+ 7. Nc3 cxd4 8. Nxd4 Bd7 9. Qh5+ g6 10. Qxd5 Qc7 11. 0-0-0 Qc8 12. f4 e6 13. Qc4 Nge7 14. Nxc6 bxc6 15. Ba6 Qd8 16. Bb7 Rb8 17. Ne4 Nd5 18. Bxc6 Rc8 19. Bxd7+ Qxd7 20. Qxd5 Qxd5 21. Nxf6+ 1-0

[Event "Moscow op 03rd"]
[Site "Moscow"]
[Date "2007.02.02"]
[Round "7"]
[White "Loginov, Anton"]
[Black "Rasstriguine, Andrei"]
[Result "1-0"]
[WhiteElo "2243"]
[BlackElo "2161"]
[PlyCount "32"]
[EventDate "2007.01.27"]
[EventType "swiss"]
[EventRounds "9"]
[EventCountry "RUS"]
[SourceTitle "CBM 116 Extra"]
[Source "ChessBase"]
[SourceDate "2007.03.07"]
[SourceVersion "1"]
[SourceVersionDate "2007.03.07"]
[SourceQuality "1"]

1. d4 Nf6 2. c4 e6 3. Nf3 b6 4. Nc3 Bb4 5. Qc2 0-0 6. Bg5 h6 7. Bxf6 Qxf6 8. g3 c5 9. Bg2 Bb7 10. dxc5 bxc5 11. 0-0 Bxc3 12. bxc3 d6 13. Ng5 Qxg5 14. Bxb7 Nd7 15. Bxa8 Rxa8 16. Rad1 Ne5 1-0